| 000 | 00635nam a22001937a 4500 | ||
|---|---|---|---|
| 003 | OSt | ||
| 005 | 20220914195528.0 | ||
| 008 | 220914b |||||||| |||| 00| 0 eng d | ||
| 040 | _cBiblioteca Lado V | ||
| 082 |
_a702.81 _bB716f |
||
| 100 |
_aBonnel, Marie _ecompiladora |
||
| 245 | _aFilmer les arts/ | ||
| 260 |
_aFrancia _bCentre national de la cinematographie _c2000 |
||
| 300 |
_a162p. _c17x30cm |
||
| 650 |
_2Tesauro de Arte & Arquitectura _aPELICULA CINEMATOGRAFICA |
||
| 650 |
_2Tesauro de Arte & Arquitectura _aART BOOK |
||
| 700 |
_aCoutinot, Anne _ecompliladora |
||
| 942 |
_2ddc _c1 _h702.81 _iB716f _n0 |
||
| 999 |
_c2014 _d2014 |
||